000
00210nam a2200085Ia 4500
008
170620s9999 xx 000 0 und d
100
_a
PRANJAPE- N V
245
4
_a
THE CODE OF CRIMINAL PROCEDURE
260
_b
ALLAHABAD :C L A
260
_c
2009
999
_c
29489
_d
29489